International comparisons of rail networks and policy lessons for Scotland (Record no. 109604)

MARC details
000 -LEADER
fixed length control field 01664cad a22002415a 4500
001 - CONTROL NUMBER
control field E147540
008 - FIXED-LENGTH DATA ELEMENTS--GENERAL INFORMATION
fixed length control field 090521s2007 xxk f s000 0 eng d
020 ## - INTERNATIONAL STANDARD BOOK NUMBER
International Standard Book Number 9780755966752
035 ## - SYSTEM CONTROL NUMBER
System control number (Sirsi) u147540
041 0# - LANGUAGE CODE
Language code of text/sound track or separate title eng
050 04 - LIBRARY OF CONGRESS CALL NUMBER
Classification number 711.1 $2 18
110 2# - MAIN ENTRY--CORPORATE NAME
Corporate name or jurisdiction name as entry element Steer Davies Gleave
9 (RLIN) 1443
245 00 - TITLE STATEMENT
Title International comparisons of rail networks and policy lessons for Scotland
Medium [electronic resource]
260 ## - PUBLICATION, DISTRIBUTION, ETC.
Place of publication, distribution, etc. [Edinburgh]
Name of publisher, distributor, etc. Scottish Executive Social Research
Date of publication, distribution, etc. 2007
490 #0 - SERIES STATEMENT
Series statement Transport Research Series
505 2# - FORMATTED CONTENTS NOTE
Formatted contents note Executive summary -- Chapter one: context, aims and objectives -- Chapter two: the framework of European railway law -- Chapter three: the comparator rail networks -- Chapter four: markets, competition and franchising -- Chapter five: government, funding, procurement and regulation -- Chapter six: separating infrastructure and operations -- Chapter seven: subcontracting in infrastructure and operations -- Chapter eight: conclusions
520 ## - SUMMARY, ETC.
Summary, etc. Looks at various aspects of the operation, funding and regulation of railways in Ireland, Northern Ireland, Germany, Denmark, Sweden and New Zealand to discover if there are lessons which can be learnt from them for railways in Scotland. All the railway systems considered are peripheral or isolated railway networks serving small populations, with large sections of single track and one or more urban commuter lines.
521 ## - TARGET AUDIENCE NOTE
Target audience note Advanced
651 #4 - SUBJECT ADDED ENTRY--GEOGRAPHIC NAME
Geographic name Scotland
Chronological subdivision 1999-
690 ## - LOCAL SUBJECT ADDED ENTRY--TOPICAL TERM (OCLC, RLIN)
Topical term or geographic name as entry element PROPERTY-INFRASTRUCTURE-RAIL INFRASTRUCTURE
856 40 - ELECTRONIC LOCATION AND ACCESS
Uniform Resource Identifier <a href="https://www.scotland.gov.uk/Publications/2007/07/06155639/0">https://www.scotland.gov.uk/Publications/2007/07/06155639/0</a>
Public note View the report free of charge at www.scotland.gov.uk...
942 ## - ADDED ENTRY ELEMENTS (KOHA)
Suppress in OPAC 0
Holdings
Withdrawn status Lost status Source of classification or shelving scheme Damaged status Not for loan Home library Current library Shelving location Date acquired Total Checkouts Full call number Barcode Date last seen Copy number Price effective from Koha item type
    Dewey Decimal Classification     Virtual Virtual Online 21/05/2009   ONLINE PUBLICATION 147540-2001 06/08/2019 1 06/08/2019 Book